| 000 | 004720000a22001930004500 | ||
|---|---|---|---|
| 001 | 003032 | ||
| 003 | MACL | ||
| 005 | 20150707151750.0 | ||
| 008 | 150707b xxu||||| |||| 00| 0 eng d | ||
| 040 |
_aMACL _cMACL |
||
| 041 | _aEnglish | ||
| 082 | _a307/SAX | ||
| 100 |
_aSaxena, L.K.L. _91216 |
||
| 245 |
_aThe Bhila Of Rajasthan _cL.K.L. Saxena |
||
| 260 |
_aJodhpur _c2000 _bBooks Treasure, |
||
| 350 | _a250 | ||
| 650 |
_aSocial Science _91217 |
||
| 942 |
_k307 _cBK _2ddc |
||
| 999 |
_c14938 _d14938 |
||